|
|
|
|
| LEADER |
00931nam a2200241 a 4500 |
| 001 |
GR-Patra14893 |
| 008 |
020919s1996 nju e 000 0 eng d |
| 020 |
|
|
|a 013363003X
|
| 040 |
|
|
|a GrPaTEI
|b gre
|c GR-PaULI
|
| 040 |
|
|
|a GrPaTEI
|b gre
|c GR-PaULI
|
| 082 |
|
0 |
|a 005.133
|2 21
|
| 100 |
1 |
|
|a Nyhoff, Larry R.
|
| 245 |
1 |
0 |
|a Fortran 77 for engineers and scientists :
|b with an introduction to Fortran 90 /
|c Larry Nyhoff, Sanford Leestma.
|
| 250 |
|
|
|a 4th ed.
|
| 260 |
|
|
|a Upper Saddle River :
|b Prentice Hall,
|c c1996
|
| 300 |
|
|
|a xxv, 884σ.
|
| 500 |
|
|
|a Περιλαμβάνει ευρετήρια.
|
| 650 |
|
0 |
|a FORTRAN 77
|
| 700 |
1 |
|
|a Leestma, Sanford
|
| 942 |
|
|
|2 ddc
|
| 952 |
|
|
|0 1
|1 0
|2 ddc
|4 0
|6 005_133000000000000_FOR
|7 0
|9 293796
|a LISK
|b LISK
|c BSC
|d 2021-01-17
|e 24
|f 0
|g 0.00
|l 0
|o 005.133 FOR
|p 92410014916
|r 2021-01-17 00:00:00
|t 1
|w 2021-01-17
|y BK15
|x 20020919 0 1
|x GrPaTEI
|
| 971 |
|
|
|a .b26624084
|b 16-04-20
|c 23-09-16
|
| 999 |
|
|
|c 171728
|d 171728
|